Kluby w Ekstraklasie 25/26 - Statystyki

Ogólne statystyki
  • Ten quiz został rozwiązany 136 razy
  • Średni wynik to 16 z 18
Statystyki odpowiedzi
Miejsce w
Poprzednim
Sezonie
Klub % Poprawnych
1. Lech Poznań
100%
5. Legia Warszawa
100%
2. Raków Częstochowa
93%
Awans z 1 Ligi Arka Gdynia
92%
3. Jagiellonia Białystok
92%
14. Lechia Gdańsk
92%
4. Pogoń Szczecin
90%
7. Motor Lublin
89%
13. Widzew Łódź
86%
9. Górnik Zabrze
85%
Awans z 1 Ligi Wisła Płock
84%
Awans z 1 Ligi Bruk-Bet Termalica
83%
6. Cracovia
83%
8. GKS Katowice
83%
12. Radomiak Radom
77%
11. Korona Kielce
76%
10. Piast Gliwice
76%
15. Zagłębie Lubin
73%
Nie znaleziono quizów pasujących do podanych kryteriów
Rozkład punktacji
Procent ludzi z każdym wynikiem
Percentyl według liczby udzielonych odpowiedzi
Twoja historia wyników
Nie rozwiązałeś tego quizu